000 00665 a2200193 4500
003 OSt
005 20180116182924.0
008 160520b xxu||||| |||| 00| 0 eng d
040 _c0
082 _a338.95491005 PAK 2010
100 _aGovernment of Pakistan Planning Commission
110 _aGovernment of Pakistan Planning Commission
245 _aYear Book 2008-09.
_bPlanning & Development Division.
_cGovernment of Pakistan Planning Commission .
260 _aIslamabad.
_bGovernment of Pakistan planning Commission.
_c2010.
300 _a163p.
_bHB
440 _aYear Book 2008-09.
500 _aHard cover.
942 _aNBS
_cBK
_k338.95491005 PAK 2010
_2ddc
999 _c348539
_d348539